| 000 | 00631nam a2200241Ia 4500 | ||
|---|---|---|---|
| 008 | 180313s9999 xx 000 0 und d | ||
| 020 | _a9780545581608 | ||
| 050 | _bGS FIC P639 2016 | ||
| 100 | _aPilkey, Dav | ||
| 245 | _aDogman / | ||
| 245 | _cby Dav Pilkey ; color by Jose Garibaldi. | ||
| 260 | _aNew York, New York : | ||
| 260 | _bScholastic Inc., | ||
| 260 | _c2016 | ||
| 300 | _a231 pages : | ||
| 300 | _bcolored illustrations ; | ||
| 300 | _c21cm. | ||
| 650 | _aDog -- | ||
| 650 | _xComic books, strips, etc. | ||
| 650 | _xCreator of Captain Underpants. | ||
| 700 | _aGaribaldi, Jose | ||
| 700 | _aTitle. | ||
| 999 |
_c356258 _d356258 |
||